Gran Premi del Campionato mondiale di Formula 1 2000 - Statistics

Statistiche generali
  • Questo quiz è stato fatto 8 volte
  • Il punteggio medio è 16 su 17
Statistiche sulle risposte
Data Gran Premio % Corretto
12 marzo Gran Premio d'Australia
100%
26 marzo Gran Premio del Brasile
100%
18 giugno Gran Premio del Canada
100%
8 ottobre Gran Premio del Giappone
100%
2 luglio Gran Premio di Francia
100%
30 luglio Gran Premio di Germania
100%
23 aprile Gran Premio di Gran Bretagna
100%
9 aprile Gran Premio di San Marino
100%
7 maggio Gran Premio di Spagna
100%
10 settembre Gran Premio d'Italia
100%
24 settembre Gran Premio degli Stati Uniti
88%
27 agosto Gran Premio del Belgio
88%
4 giugno Gran Premio di Monaco
88%
13 agosto Gran Premio d'Ungheria
88%
16 luglio Gran Premio d'Austria
75%
21 maggio Gran Premio d'Europa
75%
22 ottobre Gran Premio della Malesia
63%
Nessun quiz corrispondente trovato
Distribuzione punteggi
Percentuale di utenti per punteggio
Percentile per numero di risposta
I tuoi punteggi nel tempo
Non hai fatto questo quiz